000 01025nam0a22002651 4500
001 v19\rc\1430845
005 20250618194800.0
035 _a(NLR Aleph) 004684239
090 _a3848794
_c3848794
100 _a20060620d1866 |||y0rusy50 ca
101 0 _arus
_achu
102 _aRU
105 _ay z |||||
200 1 _aПеснопения и чтения из церковных служб великопостных и праздничных на славянском и русском языках на пользу говеющим и молящимся
_fСост. С.А.К. [Колосов Алексей]
210 _aКиев
_d1866
215 _a[2], 73 с.
300 _aКрипт. раскрыт по изд.: Масанов. Словарь псевд., т. 3. М., 1958
702 1 _aКолосов
_bА.
_gАлексей
_4220
790 0 _aС.А.К.
801 0 _aRU
_bNLR
_gpsbo
801 0 _aRU
_bRuMoRGB
_2psbo
801 1 _aRU
_bProSoft-M
_2rusmarc
852 _aNLR
_j18.57.3.4
942 _cBOOK
980 _aNB